Distribución altitudinal del género Bombus en Colombia (Hymenoptera: Apidae) (Registro nro. 16127)

Detalles MARC
000 -CABECERA
Campo de control 004360000a22001330004500
090 ## - CLASIFICACIÓN LOCAL
Colección AS
Consecutivo Seriadas
041 0# - IDIOMA
Código de idioma para texto/pista de sonido o título separado
100 1# - ASIENTO PRINCIPAL--NOMBRE PERSONAL
Nombre personal Lievano león, Arturo
245 10 - MENCION DE TITULO
Título Distribución altitudinal del género Bombus en Colombia (Hymenoptera: Apidae)
700 1# - ASIENTO SECUNDARIO - NOMBRE PERSONAL
Nombre personal Ospina Torres, Rodulfo
700 1# - ASIENTO SECUNDARIO - NOMBRE PERSONAL
Nombre personal Nates Parra, Guiomar
773 1# - Item fuente:
Título Trianea
Datos de la serie Acta Científica y Tecnológica
Descripción física 4
Paginas del Articulo 541-550
Lugar, editorial y fecha de publicación 1991
942 ## - ELEMENTOS ADICIONALES (KOHA)
Tipo de ítem Artículo

No hay ítems disponibles.